| 000 | 00610nam a2200241 a 4500 | ||
|---|---|---|---|
| 001 | 0001-0977 | ||
| 003 | ELIB.Books | ||
| 008 | 140917 2010 eng | ||
| 020 | _a0800716418 | ||
| 035 | _a(ELIB.Books)0001-1131 | ||
| 092 |
_a253 _bHul |
||
| 100 | _aHull, Bill. | ||
| 245 | _aThe Disciple Making Church | ||
| 260 |
_aGrand Rapids _bFleming H. Revell _c1990 |
||
| 300 |
_a256 _c21.5 Cm |
||
| 500 | _aDr. Yahalaylayla | ||
| 650 | _aPastoral Theology | ||
| 856 |
_nKBTS; Library _uKBTS; Elib. |
||
| 942 |
_2ddc _cBK |
||
| 990 | _a1 | ||
| 998 |
_cbat _e2014-09-17 |
||
| 999 |
_c10977 _d10977 |
||